000 01014nam0a22002771 4500
001 rc\3159296
005 20120615105244.0
021 _aRU
_b[76-55941]
035 _a(NLR Aleph) 007324779
090 _a5947427
_c5947427
100 _a20120615d1976 |||y0rusy50 ca
101 0 _arus
102 _aRU
105 _aa z |||||
200 1 _aАктиномикоз крупного рогатого скота
_fС.И. Иванов, д-р вет. наук, проф., Н.И. Пирогова, канд. вет. наук, доц.
210 _aФрунзе
_cКыргызстан
_d1976
215 _a79 с.
_cил.
_d20
320 _aСписок лит.: с. 73-78
606 _aАктиномикоз крупного рогатого скота
_2psbo
700 1 _aИванов
_bС. И.
_gСемен Иванович
701 1 _aПирогова
_bН. И.
_gНаталья Ивановна
801 0 _aRU
_bNLR
_gpsbo
801 1 _aRU
_bELAR
_2rusmarc
852 _aNLR
_j76-4/30872
942 _cBOOK
980 _aNB